Hawk UAE business pages 2004.
| Format: | Book |
|---|---|
| Published: |
Dubai:
Hawk Media,
2005.
|
| Subjects: |
| LEADER | 00453cam a2200133 7i4500 | ||
|---|---|---|---|
| 001 | 0000016145 | ||
| 005 | 20050906090000.0 | ||
| 090 | 0 | 0 | |a CD 338.7025 |b HAW(UAE) |
| 245 | 0 | 0 | |a Hawk UAE business pages 2004. |
| 260 | 0 | 0 | |a Dubai: |b Hawk Media, |c 2005. |
| 300 | # | # | |a Electronic computer optical disc (CD-ROM). |
| 650 | 0 | 0 | |a Business -- |x United Arab Emirates -- |x Directories |
| 651 | 0 | 0 | |a United Arab Emirates |
| 999 | |a CDR000495H |b CD-ROM |c AV Collection |e Business Information Centre | ||